000 01253nam a2200337 4500
001 93
003 OSt
005 20250528074011.0
008 250124b |||||||e |||| 00| 1 eng d
020 _a9788501023650
040 _bpor
041 _heng
_apor
082 _a922.22
_bC147g
100 1 _aCaldwell, Taylor,
_d1900-1985
_9206
240 _aGreat Lion of God
245 _aO grande amigo de Deus
_bA história de São Paulo /
_cCaldwell, Taylor ; Tradução de Octávio Alves Velho e José Sanz
250 _a30° edição
260 _aRio de Janeiro
_bRecord
_c2013
300 _a700 p.
520 _aA vida do apóstolo São Paulo, ou Paulo de Tarso, como era chamado pelos romanos, é romanceada neste livro de Taylor Caldwel. Além do apóstolo, a autora enfatiza o homem, com suas dúvidas e fraquezas. Mostra que ele foi um intelectual, exerceu o Direito e foi um grande teólogo fariseu.
650 0 _aLiteratura Americana
_984
650 0 _aReligião
_9100
650 0 _aHistórico
_953
650 0 _aCatolocismo
_9115
650 0 _aExperiência de vida
_9188
655 0 _aRomance
_923
655 0 _aFicção
_922
700 _aOctávio Alves Velho
_eTradutor
_9208
700 _aJosé Sanz
_eTradutor
_9209
942 _2ddc
_n0
_cBK
999 _c93
_d93